O druhé světové válce : sborník statí sovětských autorů / [z ruských originálů uspořádal Jiří Sedlák]
Record details
- ISBN: (Váz.)
- Physical Description: 228 s.
- Publisher: Praha : Rovnost, 1951
Content descriptions
| Bibliography, etc. Note: | Obsahuje bibliografické odkazy |
Search for related items by series
Available copies
- 1 of 1 copy available at Common Catalog SPOK.
Holds
- 0 current holds with 1 total copy.
Show Only Available Copies
| Location | Call Number / Copy Notes | Barcode | Shelving Location | Status | Due Date |
|---|---|---|---|---|---|
| Terezin Initiative Institute | 4789 | 4594304789 | Knihovna ITI | Available | - |
| LDR | 01183nam a22003614a 4500 | ||
|---|---|---|---|
| 001 | 27374 | ||
| 003 | CZ-PrJAB | ||
| 005 | 20230206123140.0 | ||
| 008 | 100524s1951 xr gr 000 0 cze d | ||
| 015 | . | ‡acnb000505432 | |
| 020 | . | ‡a(Váz.) | |
| 035 | . | ‡a(CONS)2193 | |
| 035 | . | ‡a(CZ PrSKC)000168749 | |
| 035 | . | ‡a(OCoLC)85309184 | |
| 040 | . | ‡aABA006 ‡bcze ‡cABA006 ‡dABA006 | |
| 041 | 1 | . | ‡acze ‡hrus |
| 080 | . | ‡a94(100)"1939/1945" ‡2MRF | |
| 080 | . | ‡a327 ‡2MRF | |
| 080 | . | ‡a(082) ‡2MRF | |
| 245 | 0 | 0. | ‡aO druhé světové válce : ‡bsborník statí sovětských autorů / ‡c[z ruských originálů uspořádal Jiří Sedlák] |
| 260 | . | ‡aPraha : ‡bRovnost, ‡c1951 | |
| 300 | . | ‡a228 s. | |
| 490 | 1 | . | ‡aSocialistická věda ; ‡v21 |
| 504 | . | ‡aObsahuje bibliografické odkazy | |
| 700 | 1 | . | ‡aSedlák, Jiří ‡4com |
| 830 | 0. | ‡aSocialistická věda | |
| 852 | 4 | . | ‡bJACH-ITI ‡bJACH-ITI ‡cKnihovna ITI ‡j4789 ‡p4789 ‡y$0.00 |
| 910 | . | ‡aABE340 ‡b4789 | |
| 995 | . | ‡askok | |
| 901 | . | ‡a27374 ‡bSystem ‡c27374 ‡tbiblio | |